• 首页
  • 本馆介绍
  • 公告通知
  • 最新文献
  • 馆藏检索
  • 电子资源
  • 读者导购
  • 参考咨询
  • 我的图书馆
  • 登录
  • 详细信息显示
  • 放入我的书架
  • 预约/预借图书
  • 作者相关作品
  • 分类相关作品
  • 丛书相关作品
  • 出版社相关作品

书目信息

  • 表格格式
  • 工作单格式
  • 卡片格式
题名:
商法
    
 
作者: 夏洪胜 , 张世贤 主编
分册:  
出版信息: 北京   经济管理出版社  2013.04
页数: 446页
开本: 24cm
丛书名: 21世纪工商管理文库
单 册:
中图分类: D923.994
科图分类:
主题词: 商法--shang fa--研究--中国
电子资源:
ISBN: 978-7-5096-2336-7
000 01595nam 2200301 450
001 2368544167
005 20231211190253.15
010    @a978-7-5096-2336-7@d68.00CNY
100    @a20140627d2013 em y0chiy50 ea
101 0  @achi
102    @aCN@b110000
105    @aak a 000yy
200 1  @a商法@Ashang fa@d= Commercial law@f夏洪胜, 张世贤主编@zeng
210    @a北京@c经济管理出版社@d2013.04
215    @a446页@c图@d24cm
225 2  @a21世纪工商管理文库@A21shi ji gong shang guan li wen ku
300    @a中国社会科学院创新工程学术出版资助项目
314    @a夏洪胜, 湖北武汉人, 1992年于东南大学经济管理学院获博士学位, 毕业后到厦门大学工作; 张世贤, 经济学博士, 中国社会科学院工业经济研究所研究员, 中国社会科学院研究生院教授, 博士生导师。
320    @a有书目 (第437-439页)
330    @a《21世纪工商管理文库》系列丛书中辅助系统的一本, 旨在调整商事主体之间的商事关系, 强调商事主体之间的权利义务的对应。为此, 规定了各种交易制度、交易工具以及交易方式, 以构建保证商事主体最大限度追求利益的、自由的市场经济秩序, 从而实现商事关系自由、平等、高校、安全地运行。全书由12章组成, 分别是商法基本制度、公司法、保险法、合同法、票据法、证券法、会计法、破产法、知识产权法、劳动法、海商法。章前有“开篇案例”, 章后有“本章小结”, 中间穿插“知识链接”、“案例”等板块, 并配有大量图表。是专业性很强的教辅读物。
410  0 @12001 @a21世纪工商管理文库
510 1  @aCommercial law@zeng
606 0  @a商法@Ashang fa@x研究@y中国
690    @aD923.994@v5
701  0 @a夏洪胜@Axia hong sheng@4主编
701  0 @a张世贤@Azhang shi xian@4主编
801  0 @aCN@b湖北三新@c20140627
905    @aBZT@dD923.994@e2
    
    商法= Commercial law/夏洪胜, 张世贤主编.-北京:经济管理出版社,2013.04
    446页:图;24cm.-(21世纪工商管理文库)
    中国社会科学院创新工程学术出版资助项目
    
    ISBN 978-7-5096-2336-7:68.00CNY
    《21世纪工商管理文库》系列丛书中辅助系统的一本, 旨在调整商事主体之间的商事关系, 强调商事主体之间的权利义务的对应。为此, 规定了各种交易制度、交易工具以及交易方式, 以构建保证商事主体最大限度追求利益的、自由的市场经济秩序, 从而实现商事关系自由、平等、高校、安全地运行。全书由12章组成, 分别是商法基本制度、公司法、保险法、合同法、票据法、证券法、会计法、破产法、知识产权法、劳动法、海商法。章前有“开篇案例”, 章后有“本章小结”, 中间穿插“知识链接”、“案例”等板块, 并配有大量图表。是专业性很强的教辅读物。
●
相关链接 在五车中查询图书 在当当中查询图书 在豆瓣中查询图书


正题名:商法     索取号:D923.994/2         预约/预借

序号 登录号 条形码 馆藏地/架位号 状态 备注
1 2001591667   2001591667   辽三/辽宁北配(第三批)/2021/ [索取号:D923.994/2] 在馆    
2 2001591668   2001591668   辽三/辽宁北配(第三批)/2021/ [索取号:D923.994/2] 在馆    
3 2001591669   2001591669   辽三/辽宁北配(第三批)/2021/ [索取号:D923.994/2] 在馆    
4 2001591670   2001591670   辽三/辽宁北配(第三批)/2021/ [索取号:D923.994/2] 在馆    
5 2001591671   2001591671   辽三/辽宁北配(第三批)/2021/ [索取号:D923.994/2] 在馆    
6 2001591672   2001591672   辽三/辽宁北配(第三批)/2021/ [索取号:D923.994/2] 在馆    
7 2001591673   2001591673   辽三/辽宁北配(第三批)/2021/ [索取号:D923.994/2] 在馆    
8 2001591674   2001591674   辽三/辽宁北配(第三批)/2021/ [索取号:D923.994/2] 在馆    
9 2001591675   2001591675   辽三/辽宁北配(第三批)/2021/ [索取号:D923.994/2] 在馆    
10 2001591676   2001591676   辽三/辽宁北配(第三批)/2021/ [索取号:D923.994/2] 在馆    
山东省滨州职业学院图书馆 欢迎您!
大连网信软件有限公司© 版权所有